[Event "Madrid-ch 2018-2019 - Previa A"]
[Site "Madrid ESP"]
[Date "2019.02.18"]
[Round "8.12"]
[White "Esteban Amo, Jose M."]
[Black "Cano Mercado, Francisco Manuel"]
[Result "1-0"]
[WhiteElo "1918"]
[BlackElo "1739"]
[PlyCount "61"]
[EventDate "2019.02.04"]
[EventType "swiss"]
[EventRounds "9"]
[EventCountry "ESP"]
[SourceTitle "Ajedrez en Madrid"]
[Source "lmi"]
[SourceDate "2019.02.04"]
[SourceVersion "1"]
[SourceVersionDate "2019.02.22"]
[SourceQuality "1"]

1. d4 Nf6 2. Bf4 d5 3. e3 e6 4. Nd2 c5 5. c3 Bd6 6. Bg3 O-O 7. Ngf3 Nc6 8. Bd3
b6 9. Ne5 Bb7 10. O-O Ne7 11. Qf3 cxd4 12. exd4 Rc8 13. Rfe1 Nc6 14. Bh4 Be7
15. Qh3 Nxe5 16. dxe5 Ne4 17. Nxe4 dxe4 18. Bxe4 Bxe4 19. Rxe4 Bxh4 20. Rxh4 h6
21. Rd4 Qc7 22. Qe3 Qc5 23. Rad1 Qa5 24. a3 Qb5 25. R1d2 Rc5 26. f4 a5 27. b3
Qxb3 28. Rd8 Rxd8 29. Rxd8+ Kh7 30. Qd3+ g6 31. Qd7 1-0

[Event "Madrid-ch 2018-2019 - Previa A"]
[Site "Madrid ESP"]
[Date "2019.02.18"]
[Round "8.13"]
[White "Garcia Sanz, Eduardo"]
[Black "Camarero Izquierdo, Juan Carlos"]
[Result "1-0"]
[WhiteElo "1775"]
[BlackElo "1867"]
[PlyCount "117"]
[EventDate "2019.02.04"]
[EventType "swiss"]
[EventRounds "9"]
[EventCountry "ESP"]
[SourceTitle "Ajedrez en Madrid"]
[Source "lmi"]
[SourceDate "2019.02.04"]
[SourceVersion "1"]
[SourceVersionDate "2019.02.22"]
[SourceQuality "1"]

1. Nf3 d5 2. c4 e6 3. b3 c6 4. Bb2 f5 5. e3 Nf6 6. Nc3 Bd6 7. cxd5 exd5 8. Qc2
O-O 9. Ne2 Ne4 10. d3 Ng5 11. Qc3 Nxf3+ 12. gxf3 Qe7 13. Rg1 Rf7 14. O-O-O Bxh2
15. Bh3 Bxg1 16. Rxg1 c5 17. Nf4 d4 18. exd4 cxd4 19. Qxc8+ Rf8 20. Qc4+ Rf7
21. Ne6 Nc6 22. Nxg7 Kh8 23. Nxf5 Qf6 24. Bxd4 Nxd4 25. Qxd4 Qxd4 26. Nxd4 Rf4
27. Rg4 Rxg4 28. fxg4 Rd8 29. Nf5 Rxd3 30. Bg2 b6 31. Kc2 Rd8 32. Be4 Kg8 33.
Bd5+ Kf8 34. Bc4 Ke8 35. a4 Kd7 36. f3 Kc6 37. Bd3 Kc5 38. Kc3 a5 39. Ng7 Rd7
40. Ne6+ Kd5 41. Bf5 Re7 42. Nf4+ Ke5 43. Nd3+ Kf6 44. Kc4 h5 45. Nf4 Rc7+ 46.
Kb5 h4 47. Kxb6 Rc1 48. Kxa5 Rf1 49. Be4 Ke5 50. Ng6+ Kd6 51. Nxh4 Rh1 52. Nf5+
Kc5 53. b4+ Kc4 54. Nd6+ Kd4 55. Nf7 Kc4 56. b5 Kc5 57. b6 Rh2 58. b7 Rb2 59.
Ne5 1-0

[Event "Madrid-ch 2018-2019 - Previa A"]
[Site "Madrid ESP"]
[Date "2019.02.18"]
[Round "8.14"]
[White "Fernandez Garcia, Ignacio"]
[Black "Garcia Diez, Mariano"]
[Result "1-0"]
[WhiteElo "1744"]
[BlackElo "1863"]
[PlyCount "131"]
[EventDate "2019.02.04"]
[EventType "swiss"]
[EventRounds "9"]
[EventCountry "ESP"]
[SourceTitle "Ajedrez en Madrid"]
[Source "lmi"]
[SourceDate "2019.02.04"]
[SourceVersion "1"]
[SourceVersionDate "2019.02.22"]
[SourceQuality "1"]

1. d4 f5 2. Nc3 Nf6 3. Bg5 e6 4. e4 fxe4 5. Nxe4 Be7 6. Bd3 d6 7. Nxf6+ Bxf6 8.
Qh5+ Kf8 9. Nf3 g6 10. Bxg6 hxg6 11. Qxg6 Bxg5 12. Nxg5 Qe7 13. f4 Qg7 14. Qe4
Nc6 15. O-O-O Bd7 16. h4 Re8 17. g3 Re7 18. Rhe1 Ke8 19. d5 exd5 20. Qxd5 Rf8
21. Qb3 b6 22. Qf3 Rf5 23. g4 Rb5 24. c3 Kd8 25. f5 Ne5 26. Qa8+ Bc8 27. Ne6+
Rxe6 28. fxe6 Qxg4 29. e7+ Kxe7 30. Rd4 Qg8 31. Qxa7 Kd7 32. Qa4 Kc6 33. Rxe5
dxe5 34. Rc4+ Kb7 35. Qxb5 Qg1+ 36. Kc2 Qg2+ 37. Kb3 Be6 38. Ka3 Bxc4 39. Qxc4
Qf3 40. Qe6 Qf4 41. h5 e4 42. h6 e3 43. h7 Qf8+ 44. Kb3 e2 45. Qxe2 Qf7+ 46.
Qc4 Qxh7 47. a4 Qh5 48. Qe4+ Kb8 49. Qc6 Qf7+ 50. Kb4 Qf4+ 51. Kb5 Qe5+ 52. Kb4
Qf4+ 53. Kb3 Qf7+ 54. c4 Qh5 55. Qd5 Qh3+ 56. Ka2 Qe3 57. a5 bxa5 58. Qxa5 Qd3
59. Qd5 Qg3 60. c5 Qf4 61. Ka3 Qg3+ 62. Ka4 Qe1 63. c6 Qa1+ 64. Kb3 Ka7 65. Qb5
Qd1+ 66. Ka2 1-0

[Event "Madrid-ch 2018-2019 - Previa A"]
[Site "Madrid ESP"]
[Date "2019.02.18"]
[Round "8.15"]
[White "Cumita Waschke, Frank"]
[Black "Marcos Herrero, Francisco"]
[Result "0-1"]
[WhiteElo "1529"]
[BlackElo "1837"]
[PlyCount "52"]
[EventDate "2019.02.04"]
[EventType "swiss"]
[EventRounds "9"]
[EventCountry "ESP"]
[SourceTitle "Ajedrez en Madrid"]
[Source "lmi"]
[SourceDate "2019.02.04"]
[SourceVersion "1"]
[SourceVersionDate "2019.02.22"]
[SourceQuality "1"]

1. d4 Nf6 2. Nf3 c5 3. c3 g6 4. Bg5 Bg7 5. dxc5 a5 6. e3 O-O 7. Bd3 Na6 8. Nbd2
Nxc5 9. Bc2 d5 10. Nd4 e5 11. Ne2 b6 12. f3 Ne6 13. Bh4 Bb7 14. g4 Rc8 15. Bg3
Nd7 16. h4 Ndc5 17. g5 d4 18. exd4 exd4 19. Kf2 d3 20. Nf4 dxc2 21. Qxc2 Nxf4
22. Bxf4 Nd3+ 23. Kg3 Nxf4 24. Kxf4 Qd6+ 25. Kg4 Rxc3 26. bxc3 Bc8+ 0-1

[Event "Madrid-ch 2018-2019 - Previa A"]
[Site "Madrid ESP"]
[Date "2019.02.18"]
[Round "8.16"]
[White "De Vicente Guijarro, Juan"]
[Black "Martinez Miura, Enrique"]
[Result "1/2-1/2"]
[WhiteElo "1867"]
[BlackElo "1673"]
[PlyCount "117"]
[EventDate "2019.02.04"]
[EventType "swiss"]
[EventRounds "9"]
[EventCountry "ESP"]
[SourceTitle "Ajedrez en Madrid"]
[Source "lmi"]
[SourceDate "2019.02.04"]
[SourceVersion "1"]
[SourceVersionDate "2019.02.22"]
[SourceQuality "1"]

1. e4 e6 2. d4 d5 3. Nd2 dxe4 4. Nxe4 Nd7 5. Nf3 Be7 6. Be2 Ngf6 7. Nxf6+ Nxf6
8. O-O O-O 9. Ne5 c5 10. c3 cxd4 11. cxd4 Qb6 12. Qd3 Rd8 13. Rd1 Bd7 14. Nc4
Qc7 15. b3 Rac8 16. Bb2 Nd5 17. Bf1 b5 18. Ne3 Nxe3 19. fxe3 Qc2 20. Rd2 Qxd3
21. Bxd3 Rc7 22. a3 Rdc8 23. Rad1 Bg5 24. Kf2 a6 25. Bb1 Bc6 26. Rc2 Bd5 27.
Rdc1 Rxc2+ 28. Bxc2 g6 29. Bd1 Rxc1 30. Bxc1 Be4 31. Bf3 Bxf3 32. gxf3 Kf8 33.
Ke2 Ke7 34. Kd3 Kd6 35. Bd2 Kc6 36. e4 Be7 37. a4 bxa4 38. bxa4 Bd8 39. Kc4 Bh4
40. Bf4 Bf2 41. Be5 Bg1 42. h3 Bf2 43. d5+ exd5+ 44. exd5+ Kd7 45. Kd3 f5 46.
Ke2 Bc5 47. f4 Be7 48. Kd3 Bc5 49. Kc4 Ba3 50. Bh8 Bc1 51. Be5 Ba3 52. Kb3 Bc1
53. Kc4 Ba3 54. Kb3 Bc1 55. Kb4 Bd2+ 56. Kc5 Be3+ 57. Kc4 Bc1 58. Kc5 Be3+ 59.
Kc4 1/2-1/2

[Event "Madrid-ch 2018-2019 - Previa A"]
[Site "Madrid ESP"]
[Date "2019.02.18"]
[Round "8.17"]
[White "Martinez Pascual, Gonzalo"]
[Black "Martin Vazquez, Jose Luis"]
[Result "1/2-1/2"]
[WhiteElo "1422"]
[BlackElo "1832"]
[PlyCount "105"]
[EventDate "2019.02.04"]
[EventType "swiss"]
[EventRounds "9"]
[EventCountry "ESP"]
[SourceTitle "Ajedrez en Madrid"]
[Source "lmi"]
[SourceDate "2019.02.04"]
[SourceVersion "1"]
[SourceVersionDate "2019.02.22"]
[SourceQuality "1"]

1. d4 Nf6 2. Bf4 g6 3. e3 Bg7 4. h3 O-O 5. Nf3 d6 6. Be2 Nbd7 7. O-O c5 8. c3
a6 9. a4 b6 10. Nbd2 Bb7 11. Qb3 Ne4 12. Nxe4 Bxe4 13. Nd2 Bc6 14. Bf3 Bxf3 15.
Nxf3 Qc7 16. Rfd1 Qc6 17. d5 Qb7 18. c4 Rfb8 19. Bg5 Kf8 20. Rab1 b5 21. axb5
axb5 22. Qd3 bxc4 23. Qxc4 Qb4 24. Qe2 Ra2 25. Rd2 Qe4 26. Rc2 Qxd5 27. e4 Qb7
28. Rd2 Ne5 29. Nxe5 Bxe5 30. f4 Bd4+ 31. Kh1 Qb5 32. Qg4 Bg7 33. e5 Qb4 34.
Re2 dxe5 35. Qd7 Qb7 36. Bxe7+ Kg8 37. Qxb7 Rxb7 38. Bxc5 Ra8 39. fxe5 Re8 40.
Rbe1 Re6 41. b4 Bf8 42. Bxf8 Kxf8 43. Rb1 Rb5 44. g4 f6 45. Rf2 Rbxe5 46. b5
Rb6 47. Rfb2 Ke7 48. Kg2 f5 49. Kf3 fxg4+ 50. hxg4 Kf6 51. Rh2 h5 52. gxh5 gxh5
53. Rhb2 1/2-1/2

[Event "Madrid-ch 2018-2019 - Previa A"]
[Site "Madrid ESP"]
[Date "2019.02.18"]
[Round "8.18"]
[White "Lizon Martinez, Santiago"]
[Black "Roldan Garcia, Angel"]
[Result "1/2-1/2"]
[WhiteElo "1663"]
[BlackElo "1794"]
[PlyCount "84"]
[EventDate "2019.02.04"]
[EventType "swiss"]
[EventRounds "9"]
[EventCountry "ESP"]
[SourceTitle "Ajedrez en Madrid"]
[Source "lmi"]
[SourceDate "2019.02.04"]
[SourceVersion "1"]
[SourceVersionDate "2019.02.22"]
[SourceQuality "1"]

1. e4 c5 2. Nf3 e6 3. d4 cxd4 4. Nxd4 Nc6 5. Be3 a6 6. Bd3 Qc7 7. Nc3 Nf6 8.
O-O b5 9. a3 Bb7 10. Nb3 Ne5 11. h3 Nc4 12. Bxc4 bxc4 13. Nd2 Rb8 14. Qe2 d5
15. exd5 Nxd5 16. Nxd5 Bxd5 17. Bd4 Bd6 18. b4 cxb3 19. cxb3 Qb7 20. Qg4 f5 21.
Qh5+ Qf7 22. Qxf7+ Kxf7 23. Nc4 Bxc4 24. bxc4 Rhc8 25. Rfd1 Be7 26. Be5 Rb7 27.
Rab1 Rxb1 28. Rxb1 Bf6 29. Rb7+ Kg6 30. Rc7 Rxc7 31. Bxc7 Be7 32. a4 Kf6 33.
Kf1 e5 34. Ke2 Ke6 35. f3 Bd6 36. Bb6 Kd7 37. Kd3 Kc6 38. Ba7 g6 39. Be3 Bc5
40. Bd2 Bd4 41. f4 Kc5 42. fxe5 Bxe5 1/2-1/2

[Event "Madrid-ch 2018-2019 - Previa A"]
[Site "Madrid ESP"]
[Date "2019.02.18"]
[Round "8.20"]
[White "Bellagamba, Pascal"]
[Black "Lopez Orellana, Federico"]
[Result "1/2-1/2"]
[WhiteElo "1649"]
[BlackElo "1732"]
[PlyCount "68"]
[EventDate "2019.02.04"]
[EventType "swiss"]
[EventRounds "9"]
[EventCountry "ESP"]
[SourceTitle "Ajedrez en Madrid"]
[Source "lmi"]
[SourceDate "2019.02.04"]
[SourceVersion "1"]
[SourceVersionDate "2019.02.22"]
[SourceQuality "1"]

1. e4 e6 2. d4 d5 3. Nd2 b6 4. Ngf3 Ne7 5. e5 Ng6 6. Nb3 Ba6 7. Bxa6 Nxa6 8.
Qe2 Nb8 9. O-O Be7 10. Be3 O-O 11. c4 c6 12. cxd5 cxd5 13. Rfc1 Qd7 14. Rc2 Rc8
15. Rac1 Rxc2 16. Qxc2 Na6 17. a3 Bd8 18. Nbd2 Ne7 19. Nb1 Rc8 20. Nc3 Nc7 21.
Qb3 h6 22. Bd2 Nf5 23. Ne2 Na6 24. Rxc8 Qxc8 25. Nc3 Nc7 26. Qa4 a6 27. g3 b5
28. Qd1 Na8 29. Na2 Nb6 30. Bb4 Be7 31. Bxe7 Nxe7 32. b3 Nc6 33. Qc2 Na5 34.
Qxc8+ Nxc8 1/2-1/2

[Event "Madrid-ch 2018-2019 - Previa A"]
[Site "Madrid ESP"]
[Date "2019.02.18"]
[Round "8.21"]
[White "Gortazar Rubial, Javier Maria"]
[Black "Lopez Peral, Enrique"]
[Result "1/2-1/2"]
[WhiteElo "1601"]
[BlackElo "1714"]
[PlyCount "46"]
[EventDate "2019.02.04"]
[EventType "swiss"]
[EventRounds "9"]
[EventCountry "ESP"]
[SourceTitle "Ajedrez en Madrid"]
[Source "lmi"]
[SourceDate "2019.02.04"]
[SourceVersion "1"]
[SourceVersionDate "2019.02.22"]
[SourceQuality "1"]

1. e4 e5 2. Nf3 Nc6 3. Bb5 a6 4. Ba4 Nge7 5. O-O d6 6. c3 b5 7. Bb3 Ng6 8. d3
Be7 9. Be3 O-O 10. Nbd2 Na5 11. Bc2 Be6 12. d4 Nc4 13. Nxc4 Bxc4 14. Bd3 Bxd3
15. Qxd3 c5 16. dxc5 dxc5 17. Rad1 Qxd3 18. Rxd3 Rfd8 19. Rfd1 Rxd3 20. Rxd3 f6
21. b3 c4 22. Rd7 cxb3 23. axb3 Rd8 1/2-1/2

[Event "Madrid-ch 2018-2019 - Previa A"]
[Site "Madrid ESP"]
[Date "2019.02.18"]
[Round "8.22"]
[White "Caamano Jimenez, Luis"]
[Black "Sierra Garcia, Ricardo"]
[Result "1-0"]
[WhiteElo "1709"]
[BlackElo "1371"]
[PlyCount "83"]
[EventDate "2019.02.04"]
[EventType "swiss"]
[EventRounds "9"]
[EventCountry "ESP"]
[SourceTitle "Ajedrez en Madrid"]
[Source "lmi"]
[SourceDate "2019.02.04"]
[SourceVersion "1"]
[SourceVersionDate "2019.02.22"]
[SourceQuality "1"]

1. d4 Nf6 2. Nf3 e6 3. g3 d5 4. Bg2 Be7 5. O-O O-O 6. c3 Nbd7 7. Qc2 c5 8. e3
Qc7 9. Nbd2 b6 10. dxc5 Nxc5 11. Nb3 Ba6 12. Rd1 Nxb3 13. axb3 Bb7 14. Qe2 Rfd8
15. b4 Qc4 16. Qe1 a5 17. Rd4 Qc7 18. bxa5 Rxa5 19. Rxa5 bxa5 20. Ra4 Bc6 21.
Ra1 e5 22. b3 e4 23. Nd4 Be8 24. Ba3 Rb8 25. Bxe7 Qxe7 26. Rxa5 Qc7 27. b4 Qc4
28. Bf1 Qc7 29. Qa1 Kf8 30. Qa3 Bd7 31. Be2 Ne8 32. Rxd5 Nd6 33. b5 Rb6 34. c4
Be6 35. Nxe6+ fxe6 36. Rd4 e5 37. Rd5 Qe7 38. Qa8+ Kf7 39. c5 Nxb5 40. cxb6 Nd6
41. Qa7 Ke6 42. Rxe5+ 1-0

[Event "Madrid-ch 2018-2019 - Previa A"]
[Site "Madrid ESP"]
[Date "2019.02.18"]
[Round "8.23"]
[White "Cujba, Anca-Claudia"]
[Black "De La Fuente Ebro, Miguel"]
[Result "1/2-1/2"]
[WhiteElo "1576"]
[BlackElo "1689"]
[PlyCount "104"]
[EventDate "2019.02.04"]
[EventType "swiss"]
[EventRounds "9"]
[EventCountry "ESP"]
[SourceTitle "Ajedrez en Madrid"]
[Source "lmi"]
[SourceDate "2019.02.04"]
[SourceVersion "1"]
[SourceVersionDate "2019.02.22"]
[SourceQuality "1"]

1. e4 e6 2. c4 c5 3. Nc3 Nc6 4. Nf3 d6 5. d4 Be7 6. Be3 Nf6 7. h3 O-O 8. Be2 b6
9. O-O e5 10. d5 Nd4 11. Ne1 Ne8 12. Bd3 f5 13. exf5 Bxf5 14. Bxf5 Nxf5 15. Bd2
Nd4 16. Nc2 Nxc2 17. Qxc2 Bg5 18. Ne4 Bxd2 19. Qxd2 Nf6 20. Ng5 Qe7 21. Ne6
Rfe8 22. Rae1 Qd7 23. Re3 Rxe6 24. dxe6 Qxe6 25. b3 Rf8 26. Rd1 Ne8 27. Re4 Qf5
28. f3 Qf7 29. a3 Qf5 30. Ree1 Qg6 31. Kh1 Rf4 32. Qd5+ Qf7 33. Qa8 Rf6 34. Rd2
h6 35. Red1 Kh7 36. Qe4+ Qg6 37. Qxg6+ Kxg6 38. Kg1 Kf7 39. Re2 Nc7 40. Kf2 Ke7
41. g3 Ne6 42. b4 Nd4 43. Re3 Kd7 44. bxc5 bxc5 45. a4 Kc6 46. Rb1 Rf7 47. h4
g5 48. hxg5 hxg5 49. Kg2 Rh7 50. Rh1 Rxh1 51. Kxh1 Kb6 52. Kg2 Ka5 1/2-1/2

[Event "Madrid-ch 2018-2019 - Previa A"]
[Site "Madrid ESP"]
[Date "2019.02.18"]
[Round "8.24"]
[White "Becerra Baigorri, Jose"]
[Black "Marivela Santos, Juan Carlos"]
[Result "1-0"]
[WhiteElo "1479"]
[BlackElo "1677"]
[PlyCount "113"]
[EventDate "2019.02.04"]
[EventType "swiss"]
[EventRounds "9"]
[EventCountry "ESP"]
[SourceTitle "Ajedrez en Madrid"]
[Source "lmi"]
[SourceDate "2019.02.04"]
[SourceVersion "1"]
[SourceVersionDate "2019.02.22"]
[SourceQuality "1"]

1. e4 c5 2. Nf3 d6 3. d4 cxd4 4. Nxd4 Nf6 5. Nc3 a6 6. Be2 e5 7. Nb3 Be6 8. O-O
Be7 9. Be3 O-O 10. h3 Nbd7 11. Qd2 Nc5 12. Nxc5 dxc5 13. Rfd1 Qxd2 14. Rxd2
Rfd8 15. Rad1 Rxd2 16. Rxd2 b5 17. f3 c4 18. Nb1 Rd8 19. c3 Rxd2 20. Nxd2 Nd7
21. Kf2 Nc5 22. Bxc5 Bxc5+ 23. Ke1 Kf8 24. a4 Ke7 25. axb5 axb5 26. Kd1 Kd6 27.
Kc2 g6 28. g4 g5 29. Nf1 Kc6 30. Ng3 b4 31. Nh5 b3+ 32. Kd2 Bf8 33. Ng3 f6 34.
Nh5 Be7 35. Ng7 Bf7 36. Nf5 Bf8 37. Ne3 Kc5 38. Ke1 h5 39. gxh5 Be6 40. Ng4 Bg7
41. h6 Bh8 42. Kf2 Kd6 43. Kg3 Kc5 44. h4 Bf7 45. hxg5 fxg5 46. Ne3 Be6 47. Nf5
Bf6 48. Kg4 Bf7 49. Ng7 Bg6 50. Ne6+ Kb5 51. Nxg5 Kc5 52. Ne6+ Kb5 53. Nc7+ Kc5
54. Nd5 Bd8 55. Ne3 Bf7 56. Kf5 Kb5 57. h7 1-0

[Event "Madrid-ch 2018-2019 - Previa A"]
[Site "Madrid ESP"]
[Date "2019.02.18"]
[Round "8.26"]
[White "Rodriguez Bachiller, Luis"]
[Black "Martinez Martinez, Javier II"]
[Result "1-0"]
[WhiteElo "1635"]
[BlackElo "1588"]
[PlyCount "81"]
[EventDate "2019.02.04"]
[EventType "swiss"]
[EventRounds "9"]
[EventCountry "ESP"]
[SourceTitle "Ajedrez en Madrid"]
[Source "lmi"]
[SourceDate "2019.02.04"]
[SourceVersion "1"]
[SourceVersionDate "2019.02.22"]
[SourceQuality "1"]

1. e4 e5 2. Nf3 Nc6 3. Bc4 Nf6 4. d4 exd4 5. Nxd4 Nxd4 6. Qxd4 b6 7. Bg5 h6 8.
Bxf6 gxf6 9. Qd5 Bb4+ 10. c3 Qe7 11. Qxa8 O-O 12. Qd5 c6 13. Qd3 d5 14. cxb4
dxc4 15. Qxc4 b5 16. Qe2 Qxb4+ 17. Nc3 Re8 18. O-O Kh7 19. Rac1 Rg8 20. Kh1 Be6
21. a3 Qd6 22. Rfd1 Qe5 23. Qe3 Bg4 24. Rd2 f5 25. f4 Qe7 26. Re1 Re8 27. e5
Bh5 28. Qd3 Bg6 29. Qf3 Qh4 30. Qf2 Qe7 31. Red1 Bh5 32. Rd6 Bxd1 33. Nxd1 Rd8
34. Qc5 Rxd6 35. Qxd6 Qh4 36. Qd2 Qe7 37. Qc2 Qe6 38. Qd3 f6 39. Ne3 Kg6 40. g4
Kf7 41. gxf5 1-0

[Event "Madrid-ch 2018-2019 - Previa A"]
[Site "Madrid ESP"]
[Date "2019.02.18"]
[Round "8.27"]
[White "Castro Uceda, Jose Antonio"]
[Black "Martinez Carrasco, Jesus"]
[Result "0-1"]
[WhiteElo "1518"]
[BlackElo "1567"]
[PlyCount "72"]
[EventDate "2019.02.04"]
[EventType "swiss"]
[EventRounds "9"]
[EventCountry "ESP"]
[SourceTitle "Ajedrez en Madrid"]
[Source "lmi"]
[SourceDate "2019.02.04"]
[SourceVersion "1"]
[SourceVersionDate "2019.02.22"]
[SourceQuality "1"]

1. d4 Nf6 2. Bf4 d5 3. e3 e6 4. Nf3 g6 5. Be2 Bg7 6. O-O O-O 7. Nbd2 Nbd7 8.
Bd3 c5 9. c3 b6 10. e4 dxe4 11. Nxe4 cxd4 12. cxd4 Nd5 13. Bg3 N7f6 14. Nd6 Nh5
15. Ne4 Nxg3 16. Nxg3 Bb7 17. Be4 Rb8 18. Qa4 a5 19. Rad1 Qd6 20. Rfe1 Bc6 21.
Qc2 Rfc8 22. Qd2 a4 23. a3 b5 24. h4 h5 25. Qg5 Qf4 26. Bxd5 Qxg5 27. Nxg5 Bxd5
28. N5e4 Rc2 29. Re2 Rxe2 30. Nxe2 Bxe4 31. Rc1 Bd3 32. Nf4 Bc4 33. Rd1 Rd8 34.
Kh2 Rxd4 35. Rxd4 Bxd4 36. Nh3 Bxb2 0-1

[Event "Madrid-ch 2018-2019 - Previa A"]
[Site "Madrid ESP"]
[Date "2019.02.18"]
[Round "8.29"]
[White "Ramos Antona, Enrique"]
[Black "Suarez Mencia, Roberto"]
[Result "0-1"]
[WhiteElo "1521"]
[BlackElo "1388"]
[PlyCount "130"]
[EventDate "2019.02.04"]
[EventType "swiss"]
[EventRounds "9"]
[EventCountry "ESP"]
[SourceTitle "Ajedrez en Madrid"]
[Source "lmi"]
[SourceDate "2019.02.04"]
[SourceVersion "1"]
[SourceVersionDate "2019.02.22"]
[SourceQuality "1"]

1. d4 Nf6 2. c4 g6 3. Nc3 Bg7 4. g3 d6 5. Bg2 O-O 6. Qc2 e5 7. d5 Nbd7 8. e4
Rb8 9. Nge2 Nc5 10. O-O Bg4 11. b4 Na6 12. Rb1 Qd7 13. Re1 Bh3 14. Bh1 Nh5 15.
f4 f5 16. Be3 Bh6 17. Bxa7 Rbe8 18. Bf2 Qf7 19. Bg2 Bxg2 20. Kxg2 exf4 21. Nxf4
Bxf4 22. gxf4 Nxf4+ 23. Kh1 fxe4 24. Be3 Nh3 25. Rf1 Qd7 26. a3 Rf3 27. Nxe4
Qf5 28. Qg2 Rxf1+ 29. Rxf1 Qxe4 30. Qxe4 Rxe4 31. Bh6 Re8 32. Kg2 Nb8 33. Kxh3
Nd7 34. Kg3 Ne5 35. Re1 Re7 36. Bf4 Kf7 37. Bxe5 dxe5 38. Kf3 g5 39. Ke4 Kg6
40. Rf1 h6 41. Rf5 g4 42. c5 h5 43. d6 cxd6 44. cxd6 Re6 45. Rf8 Rxd6 46. Rf2
Ra6 47. Kxe5 Rxa3 48. Rb2 Kg5 49. b5 h4 50. b6 h3 51. Kd6 Rc3 52. Ke5 g3 53.
hxg3 Rxg3 54. Rf2 Rg2 55. Rf5+ Kg4 56. Rf4+ Kg3 57. Rf7 h2 58. Rg7+ Kf2 59. Rh7
Kg1 60. Kd6 Rc2 61. Rg7+ Kf1 62. Rh7 Kg1 63. Rg7+ Rg2 64. Rh7 h1=Q 65. Rxh1+
Kxh1 0-1

[Event "Madrid-ch 2018-2019 - Previa A"]
[Site "Madrid ESP"]
[Date "2019.02.18"]
[Round "8.30"]
[White "Abad Martin-Camunas, Luis"]
[Black "De Juan Rivas, Antonio"]
[Result "0-1"]
[WhiteElo "1373"]
[BlackElo "1541"]
[PlyCount "52"]
[EventDate "2019.02.04"]
[EventType "swiss"]
[EventRounds "9"]
[EventCountry "ESP"]
[SourceTitle "Ajedrez en Madrid"]
[Source "lmi"]
[SourceDate "2019.02.04"]
[SourceVersion "1"]
[SourceVersionDate "2019.02.22"]
[SourceQuality "1"]

1. d4 Nf6 2. Bf4 d6 3. e3 g6 4. Nd2 Bg7 5. Be2 Nc6 6. h3 e5 7. dxe5 dxe5 8. Bg5
O-O 9. Ngf3 Be6 10. Bd3 Qd6 11. O-O Nb4 12. Ne4 Nxe4 13. Bxe4 f6 14. Bh4 Qb6
15. a3 Rad8 16. Nd2 Nd5 17. c4 Nxe3 18. fxe3 Qxe3+ 19. Rf2 Bh6 20. Kh1 Rxd2 21.
Rxd2 Qxe4 22. Rd8 Qxh4 23. Rxf8+ Bxf8 24. b3 Bxh3 25. gxh3 Qxh3+ 26. Kg1 Bc5+
0-1